000 00651pam a2200229 a 4500
001 1668756
005 20180814041818.0
008 980121s1999 njua 001 0 eng
010 _a 98004744
020 _a0139159924 (pbk.)
040 _aDLC
_cDLC
_dDLC
041 _aeng
080 _a540
082 0 0 _a540
_221
100 1 _a12
101 _akim
245 1 0 _aIntroduction to chemical principles /
_cH. Stephen Stoker.
246 3 0 _aChemical principles
906 _a7
_bcbc
_corignew
_d1
_eocip
_f19
_gy-gencatlg
942 _2ddc
_cBK
999 _c47082
_d47082